| 000 | 01268cam a2200361 a 4500 | ||
|---|---|---|---|
| 999 |
_c3848 _d3848 |
||
| 001 | 15518429 | ||
| 003 | GZU | ||
| 005 | 20210310094609.0 | ||
| 008 | 081112s2009 enk b 001 0 eng | ||
| 010 | _a 2008048282 | ||
| 015 |
_aGBA907971 _2bnb |
||
| 016 | 7 |
_a014888999 _2Uk |
|
| 020 | _a9780754672692 (alk. paper) | ||
| 020 | _a0754672697 (alk. paper) | ||
| 020 | _a9780754689874 (email) | ||
| 020 | _a0754689875 (email) | ||
| 035 | _a(OCoLC)ocn271647662 | ||
| 040 |
_aDLC _cDLC _dUKM _dBTCTA _dYDXCP _dBWKUK _dBWX _dCDX _dDLC |
||
| 043 | _ad------ | ||
| 050 | 0 | 0 |
_aRA643.86 _bBOE 2009 |
| 245 | 0 | 0 |
_aGender and HIV/AIDS : _bcritical perspectives from the developing world / _cedited by Jelke Boesten, Nana K. Poku. |
| 260 |
_aFarnham, England ; _aBurlington, VT : _bAshgate, _cc2009. |
||
| 300 |
_axiii, 201 p. ; _c24 cm. |
||
| 440 | 0 | _aGlobal health | |
| 504 | _aIncludes bibliographical references and index. | ||
| 650 | 0 |
_aAIDS (Disease) _zDeveloping countries. |
|
| 650 | 0 |
_aAIDS (Disease) _xSex factors. |
|
| 700 | 1 | _aBoesten, Jelke. | |
| 700 | 1 |
_aPoku, Nana, _d1971- |
|
| 856 | 4 | 1 |
_3Table of contents only _uhttp://www.loc.gov/catdir/toc/fy0903/2008048282.html |
| 906 |
_a7 _bcbc _corignew _d1 _eecip _f20 _gy-gencatlg |
||
| 942 |
_2lcc _cBK _h643.86 _iBOE _kRA |
||